Les 75 meilleures villes étudiantes au monde en 2016 - Statistiques

Statistiques générales
  • Ce quiz a été pris 149 fois
  • Le résultat moyen est 52 sur 75
Statistiques - réponses
Rang Ville Pays % Correct
1 Paris France
99%
3 Tokyo Japon
98%
9 Berlin Allemagne
97%
5 Londres Royaume-Uni
96%
22 Madrid Espagne
96%
25 Pékin Chine
95%
61 Rome Italie
95%
52 Lisbonne Portugal
94%
49 Mexico Mexique
94%
10 Séoul Corée du Sud
94%
4 Sydney Australie
94%
39 Prague Rép. tchèque
93%
37 Dublin Irlande
92%
24 Stockholm Suède
92%
30 Barcelone Espagne
91%
7 Montréal Canada
91%
20 New York États-Unis
91%
60 Oslo Norvège
91%
27 Amsterdam Pays-Bas
90%
46 Lyon France
90%
38 Milan Italie
90%
42 Los Angeles États-Unis
89%
43 Moscou Russie
89%
41 Bruxelles Belgique
88%
34 Helsinki Finlande
88%
6 Singapour Singapour
88%
13 Toronto Canada
88%
11 Munich Allemagne
87%
32 Buenos Aires Argentine
86%
49 Ottawa Canada
84%
63 Varsovie Pologne
84%
16 Vienne Autriche
84%
12 Zurich Suisse
84%
27 Copenhague Danemark
83%
21 Kyoto-Osaka-Kobe Japon
83%
2 Melbourne Australie
83%
36 Manchester Royaume-Uni
82%
49 Santiago Chili
82%
27 San Francisco États-Unis
81%
30 Chicago États-Unis
80%
63 São Paulo Brésil
80%
39 Shanghai Chine
77%
13 Vancouver Canada
77%
13 Boston États-Unis
75%
74 Toulouse France
74%
45 Washington DC États-Unis
72%
23 Taipei Taïwan
71%
17 Canberra Australie
70%
35 Perth Australie
70%
53 Kuala Lumpur Malaisie
67%
8 Hong Kong Chine
66%
55 Québec Canada
65%
70 Valence Espagne
65%
33 Édimbourg Royaume-Uni
61%
63 Glasgow Royaume-Uni
61%
18 Auckland Nouvelle-Zélande
57%
66 Birmingham Royaume-Uni
57%
48 Philadelphie États-Unis
56%
58 Atlanta États-Unis
50%
26 Adélaïde Australie
46%
19 Brisbane Australie
43%
54 Göteborg Suède
42%
72 San Diego États-Unis
37%
67 Newcastle Royaume-Uni
36%
73 Brno Rép. tchèque
24%
71 Baltimore États-Unis
21%
74 Monterrey Mexique
21%
57 Nottingham Royaume-Uni
17%
44 Coventry Royaume-Uni
9%
69 Gold Coast Australie
9%
58 Pittsburgh États-Unis
8%
47 Christchurch Australie
7%
68 Charjah Émirats arabes unis
6%
61 Daejeon Corée du Sud
2%
55 Hsinchu Taïwan
2%
Aucun quiz correspondant
Distribution des résultats
% des personnes avec chaque résultat
Percentile par nombre de réponses
Votre historique - résultats
Vous n’avez pas pris ce quiz